[Event "ICS rated blitz match"]
[Site "207.99.83.227"]
[Date "1999.04.10"]
[Round "?"]
[White "inmortal"]
[Black "Hossa"]
[Result "1-0"]
[WhiteElo "2430"]
[BlackElo "2439"]
[Annotator "Crafty v16.6"]
[PlyCount "211"]

{annotating for player Hossa using a scoring margin of +0.10 pawns. search
time limit is 20.00} 1. e4 1... e5 2. Nf3 Nc6 3. Bc4 Bc5 ({8:-0.50} 3... Bc5 4.
Qe2 d6 5. O-O f5 6. Nc3 Nf6 7. a3 fxe4 8. Nxe4 $14) ({8:-0.18} 3... f5 4. d3
fxe4 5. dxe4 Nf6 6. Bg5 h6 7. Bxf6 Qxf6 8. O-O $10) 4. b4 Bxb4 5. c3 Be7 ({
8:+0.51} 5... Be7 6. O-O Nf6 7. d3 d5 8. Bb5 Bg4 9. Nbd2 $15) ({8:+0.72} 5...
Bd6 6. O-O Nf6 7. d3 O-O 8. Bg5 Bc5 9. Nbd2 $17) 6. d4 exd4 ({8:+0.19} 6...
exd4 7. Qb3 dxc3 8. Bxf7+ Kf8 9. O-O Na5 10. Qxc3 Kxf7 11. Ne5+ Kf6 12. Qxa5
$10) ({8:+0.51} 6... Na5 7. Nxe5 Nxc4 8. Nxc4 Nf6 9. O-O O-O 10. Nbd2 10... Re8
$15) 7. cxd4 Nf6 8. e5 Ne4 9. O-O O-O 10. d5 Na5 11. Bd3 Nc5 12. Bc2 b6 13. Nc3
Ba6 14. Re1 Nc4 15. Qd4 d6 16. Ne4 dxe5 17. Nxe5 Bf6 18. Nxf6+ Qxf6 19. Bf4
Rad8 20. Rad1 Rfe8 ({8:+0.63} 20... Rfe8 21. Bg3 Re7 22. Bh4 g5 23. Bxg5 Qxg5
24. Nxc4 Rxe1+ 25. Rxe1 Bxc4 26. Qxc4 26... Rxd5 $15) ({8:+1.29} 20... Na3 21.
Be4 Ne6 22. Qa4 Be2 23. dxe6 Rxd1 24. Rxd1 Bxd1 25. exf7+ $17) 21. Nc6 Rxe1+
22. Rxe1 Qxd4 23. Nxd4 Nd6 ({9:+0.09} 23... Nd6 24. Re7 Nc8 25. Rxc7 Rxd5 26.
Nc6 Rd7 27. Rxd7 Nxd7 28. Bf5 $10) ({9:+0.47} 23... Kf8 24. Bg5 f6 25. Ne6+
Nxe6 26. dxe6 Ke7 27. Bf4 c5 28. Bxh7 28... Rd4 $15) 24. Nc6 Re8 25. Rxe8+ Nxe8
26. Nxa7 Bc4 27. a4 Bxd5 28. Nb5 c6 ({10:+1.16} 28... c6 29. Na7 Nf6 30. f3 Kh8
31. Nc8 b5 32. axb5 cxb5 33. Nd6 33... b4 $17) ({10:+1.33} 28... Ne6 29. Be3 c5
30. f3 Kf8 31. Kf2 Ke7 32. Bf5 N8c7 33. Nc3 $17) 29. Nc7 Ne6 ({11:+0.91} 29...
Ne6 30. Nxd5 cxd5 31. Be5 Kf8 32. Bb3 N8c7 33. Kf1 Ke7 34. Ke2 f6 35. Bc3 $17)
({11:+1.30} 29... Nxc7 30. Bxc7 b5 31. axb5 cxb5 32. Bd6 Ne6 33. Bd3 Bc4 34.
Be4 Nd4 35. Be5 Ne2+ 36. Kf1 $17) 30. Nxe6 Bxe6 ({11:+0.98} 30... Bxe6 31. Be3
b5 32. Be4 Bd7 33. axb5 cxb5 34. Bc5 h5 35. Kf1 f5 36. Bf3 $17) ({11:+1.25} 
30... fxe6 31. Be3 c5 32. a5 bxa5 33. Bxc5 Bc6 34. f4 Kf7 35. Kf2 35... a4 $17)
31. Be3 c5 32. a5 bxa5 33. Bxc5 Bd7 34. Kf1 a4 35. Ke2 Nf6 36. Kd2 Nd5 37. Be4
Bc6 38. f3 g6 39. h4 f5 40. Bxd5+ Bxd5 41. Ke3 Kf7 42. Kf4 Kf6 43. Bd4+ Ke6 44.
Kg5 Kf7 45. Kh6 Kg8 46. Bc5 Bf7 47. g4 fxg4 48. fxg4 Bd5 49. h5 Be4 50. hxg6
Bxg6 51. Kg5 Kf7 52. Kf4 Ke6 53. g5 Kd5 54. Be7 Bc2 55. Ke3 Kc4 56. Kd2 Bg6 57.
Kc1 Kb3 58. Bf6 a3 59. Bg7 Be4 60. Bf6 Bd5 61. Bg7 Be6 62. Bf6 Bf7 63. Bg7 Bg6
64. Bf6 Be4 65. Bg7 Bf5 66. Bf6 Be6 67. Bg7 Bd5 68. Bf6 Bf3 69. Bg7 Bc6 70. Bf6
Bd7 71. Bg7 Bb5 72. Bf6 Be2 73. Bg7 Bf3 74. Bf6 Bc6 75. Bg7 Bg2 76. Bf6 Bh1 77.
Bg7 Ba8 78. Bf6 Bg2 79. Bg7 Bf1 80. Bf6 Bb5 81. Bg7 Bd7 82. Bf6 Bf5 83. Bg7 Bd3
84. Bf6 Bc4 85. Bg7 Be2 86. Bf6 Ba6 87. Bg7 Bc8 88. Bf6 Bg4 89. Bg7 Bh5 90. Bf6
Be8 91. Bg7 Ka4 92. Bf6 Bg6 93. Bg7 Bf5 94. Bf6 Be4 95. Bg7 Kb5 96. Bf6 Bg6 97.
Bg7 Bf5 98. Bf6 Be4 99. Bg7 Kb4 100. Bf6 Bb7 101. Bg7 Bc8 102. Bf6 Kb3 103. Bg7
Bb7 104. Bf6 Ka2 105. Bg7 Bc8 106. Bf6 1-0

[Event "ICS rated blitz match"]
[Site "207.99.83.227"]
[Date "1999.04.10"]
[Round "?"]
[White "F-Ghost"]
[Black "Hossa"]
[Result "0-1"]
[WhiteElo "2379"]
[BlackElo "2430"]
[PlyCount "100"]

1. e4 d6 2. d4 Nf6 3. Nc3 g6 4. Nf3 Bg7 5. Be2 O-O 6. O-O Bg4 7. Be3 Nbd7 8.
Qd2 Rc8 9. Rfe1 c5 10. d5 Bxf3 11. Bxf3 Qb6 12. Rab1 Ne5 13. Be2 Qb4 14. a3 Qb6
15. h3 Kh8 16. f4 Ned7 17. Bf3 e5 18. f5 gxf5 19. exf5 Rce8 20. Bg5 Rg8 21. Kh1
Qd8 22. Ne4 Nxe4 23. Bxe4 Bf6 24. Be3 Bh4 25. Rf1 Bg3 26. b4 Nf6 27. Bf3 cxb4
28. Rxb4 b6 29. a4 Qd7 30. Be2 Rc8 31. Bb5 Qe7 32. Bc6 Qf8 33. Bh6 Qd8 34. Bg5
h5 35. Rf3 Ne4 36. Bxd8 Nxd2 37. Bf6+ Kh7 38. Rd3 a5 39. Rxb6 Ne4 40. Be7 Rc7
41. f6 Nf2+ 42. Kg1 Nxd3 43. cxd3 Rcc8 44. Bxd6 Rgd8 45. Be7 Rxd5 46. Kf1 Rd4
47. Ke2 Kg6 48. Be4+ Kg5 49. Kf3 h4 50. Rb2 50... Rxa4 {F-Ghost resigns} 0-1

[Event "ICS rated blitz match"]
[Site "207.99.83.227"]
[Date "1999.04.10"]
[Round "?"]
[White "F-Ghost"]
[Black "Hossa"]
[Result "0-1"]
[WhiteElo "2289"]
[BlackElo "2436"]
[PlyCount "76"]

1. e4 c5 2. Nf3 Nc6 3. Bb5 a6 4. Bxc6 dxc6 5. O-O Bg4 6. d3 e6 7. h3 Bxf3 8.
Qxf3 Nf6 9. Qg3 Nh5 10. Qf3 Nf6 11. Nc3 Be7 12. Qg3 O-O 13. Be3 Qb6 14. b3 Qb4
15. Bd2 Rad8 16. Rad1 Qd4 17. Kh1 Bd6 18. f4 Bc7 19. Qe1 Ba5 20. f5 e5 21. Rf3
Bb4 22. Ne2 Qb2 23. c3 Ba5 24. Bg5 Rd6 25. Rb1 Qc2 26. Rc1 Qb2 27. Rb1 Qa3 28.
Ng3 Rfd8 29. Bxf6 Rxf6 30. Nh5 Rh6 31. Qh4 Qxa2 32. Rbf1 Qxb3 33. Qg5 Rxh5 34.
Qxh5 f6 35. c4 Bd2 36. Rg3 Bf4 37. Rgf3 a5 38. g3 38... Bd2 {F-Ghost resigns}
0-1

[Event "ICS Rated blitz match"]
[Site "207.99.83.227"]
[Date "1999.04.10"]
[Round "?"]
[White "newfisher"]
[Black "Hossa"]
[Result "1-0"]
[WhiteElo "2061"]
[BlackElo "2439"]
[Annotator "Crafty v16.6"]
[PlyCount "122"]

{annotating for player Hossa using a scoring margin of +0.10 pawns. search
time limit is 20.00} 1. e4 1... e5 2. Nf3 Nc6 3. Bb5 a6 4. Ba4 Nf6 5. O-O Be7
6. Re1 b5 7. Bb3 d6 8. c3 O-O 9. h3 Na5 10. Bc2 c5 11. d4 Qc7 ({8:-0.17} 11...
Qc7 12. d5 Bb7 13. Nbd2 Qd7 14. Qe2 Rad8 15. Ng5 $10) ({8:+0.05} 11... exd4 12.
cxd4 Bb7 13. Nc3 Re8 14. Bg5 Nc4 15. b3 Nb6 16. dxc5 16... dxc5 $10) 12. Nbd2
cxd4 13. cxd4 Bb7 14. d5 Rac8 15. Bd3 Nd7 16. Nf1 Nc5 17. Ne3 Nxd3 18. Qxd3 Nc4
({9:-0.12} 18... Nc4 19. Nf5 Qd7 20. Nxe7+ Qxe7 21. b3 Nb6 22. Bg5 f6 23. Be3
23... Nd7 $10) ({9:+0.05} 18... Qd7 19. Nf5 Bd8 20. b3 Re8 21. Bg5 f6 22. Be3
22... Bc7 $10) 19. b3 Nxe3 20. Bxe3 Qc2 21. Qxc2 Rxc2 22. Rec1 Rfc8 23. Ne1
Rxc1 24. Rxc1 Rxc1 25. Bxc1 f5 26. f3 a5 27. Kf2 f4 28. Nd3 b4 29. Ke2 Ba6 30.
Kd2 Bh4 ({12:-0.28} 30... Bh4 31. a3 Kf7 32. axb4 axb4 33. Bb2 Bxd3 34. Kxd3
Ke7 35. Kc4 Be1 36. h4 Bd2 37. h5 $10) ({12:+0.25} 30... g5 31. a3 bxa3 32.
Bxa3 Kf7 33. Bb2 Bd8 34. Bc3 Bb6 35. Kc2 h5 36. Nxe5+ dxe5 37. Bxe5 $10) 31. a3
Bxd3 32. Kxd3 Be1 33. a4 Bf2 34. Kc4 Bb6 35. Kb5 Bd8 36. Kc6 Be7 37. Kd7 Kf7
38. Bd2 h5 39. Be1 Kf8 40. Bf2 Kf7 41. Bb6 Bh4 42. Kxd6 Bf6 43. Bxa5 g5 44. Kc7
g4 45. hxg4 Ke8 46. Kc6 hxg4 47. fxg4 Kf7 48. Bxb4 Bd8 49. Bd6 Bg5 50. Bxe5 Kg6
51. a5 Bh4 52. a6 Bf2 53. Bxf4 Ba7 54. Kb7 Bc5 55. a7 Kf7 56. e5 Bb4 57. e6+
Ke7 58. a8=Q Be1 59. g5 Ba5 60. Qc8 Bb4 61. Qd7+ Kf8 1-0

[Event "ICS rated blitz match"]
[Site "207.99.83.227"]
[Date "1999.04.10"]
[Round "?"]
[White "JS"]
[Black "Hossa"]
[Result "0-1"]
[WhiteElo "2192"]
[BlackElo "2383"]
[PlyCount "68"]

1. c4 e5 2. Nc3 Nf6 3. d3 Bb4 4. Bd2 O-O 5. g3 d5 6. cxd5 Nxd5 7. Bg2 Be6 8.
Nf3 Nc6 9. O-O Bxc3 10. bxc3 Qd6 11. Rb1 Nb6 12. c4 Rae8 13. Bc3 e4 14. dxe4
Qxd1 15. Rfxd1 Bxc4 16. Rd2 Rxe4 17. Nd4 Nxd4 18. Bxd4 Rxe2 19. Rxe2 Bxe2 20.
Bxb7 Rd8 21. Be3 Bc4 22. Rc1 Rb8 23. Bf3 Bd5 24. Kg2 Bxf3+ 25. Kxf3 Rc8 26. a4
Nxa4 27. Bxa7 h5 28. Bd4 Rd8 29. Be3 Rd7 30. Rc4 Nb6 31. Rc6 Nd5 32. Bc1 Nb4
33. Rc4 Nd3 34. Be3 34... Ne5+ {JS resigns} 0-1

[Event "ICS rated blitz match"]
[Site "207.99.83.227"]
[Date "1999.04.10"]
[Round "?"]
[White "Hossa"]
[Black "catman"]
[Result "1-0"]
[WhiteElo "2399"]
[BlackElo "2190"]
[PlyCount "35"]

1. e4 e5 2. Nf3 Nc6 3. Bc4 Nf6 4. Ng5 d5 5. exd5 Na5 6. Bb5+ c6 7. dxc6 bxc6 8.
Qf3 Rb8 9. Bxc6+ Nxc6 10. Qxc6+ Nd7 11. d3 Rb6 12. Qc4 Rf6 13. Ne4 Rg6 14. O-O
f5 15. Ng5 Rf6 16. Ne6 Rxe6 17. Qxe6+ Qe7 18. Qxf5 {catman resigns} 1-0

[Event "ICS rated blitz match"]
[Site "207.99.83.227"]
[Date "1999.04.10"]
[Round "?"]
[White "matar"]
[Black "Hossa"]
[Result "0-1"]
[WhiteElo "2452"]
[BlackElo "2406"]
[PlyCount "70"]

1. e4 d6 2. d4 Nf6 3. Nc3 g6 4. Be3 Bg7 5. Qd2 Ng4 6. Bg5 h6 7. Bh4 g5 8. Bg3
Nc6 9. Nf3 e5 10. dxe5 Ngxe5 11. O-O-O Nxf3 12. gxf3 Be6 13. h4 Nb4 14. Kb1 Qd7
15. Bb5 Nc6 16. hxg5 hxg5 17. Rxh8+ Bxh8 18. Nd5 Qd8 19. Rh1 Bf6 20. Qa5 Bxd5
21. exd5 a6 22. Bxc6+ bxc6 23. Qa4 Rb8 24. Qxc6+ Kf8 25. c3 Rb6 26. Qc4 Qb8 27.
b3 Rb5 28. Rc1 Qb7 29. f4 Rxd5 30. fxg5 Rxg5 31. Bh4 Rc5 32. Qa4 Bxc3 33. Rxc3
Rxc3 34. Bf6 Qh1+ 35. Kb2 35... Qc1# {matar checkmated} 0-1

[Event "ICS rated blitz match"]
[Site "207.99.83.227"]
[Date "1999.04.10"]
[Round "?"]
[White "Hossa"]
[Black "matar"]
[Result "1-0"]
[WhiteElo "2424"]
[BlackElo "2434"]
[PlyCount "73"]

1. e4 c5 2. Bc4 e6 3. Nc3 Nc6 4. Nf3 Nf6 5. O-O d5 6. exd5 exd5 7. Bb5 Bd6 8.
Re1+ Be6 9. Ng5 O-O 10. Bxc6 bxc6 11. Nxe6 fxe6 12. Rxe6 Qd7 13. Qe2 Rae8 14.
Rxe8 Rxe8 15. Qf1 d4 16. Nd1 Ng4 17. h3 Nh2 18. Qc4+ Kh8 19. Ne3 dxe3 20. dxe3
Bc7 21. Qe2 Rd8 22. f4 Qd1+ 23. Qxd1 Rxd1+ 24. Kxh2 c4 25. a3 h5 26. Kg3 Kh7
27. Kf3 Bb6 28. Ke2 Rg1 29. Kf2 Rh1 30. a4 a5 31. Ke2 Kg6 32. e4 h4 33. f5+ Kf7
34. e5 Bd4 35. e6+ Kf6 36. Bg5+ Kxg5 37. Rxh1 {matar resigns} 1-0

[Event "ICS rated blitz match"]
[Site "207.99.83.227"]
[Date "1999.04.10"]
[Round "?"]
[White "matar"]
[Black "Hossa"]
[Result "1-0"]
[WhiteElo "2418"]
[BlackElo "2440"]
[Annotator "Crafty v16.6"]
[PlyCount "163"]

{annotating for player Hossa using a scoring margin of +0.10 pawns. search
time limit is 20.00} 1. e4 1... c5 2. Nf3 Nc6 3. Bb5 a6 4. Bxc6 dxc6 5. h3 Nf6
6. d3 e6 7. Nc3 Be7 8. a4 O-O 9. O-O Bd7 10. b3 Qc7 ({8:-0.38} 10... Qc7 11.
Ne2 Nh5 12. c4 Bf6 13. Rb1 Qd6 14. Bg5 $14) ({8:-0.06} 10... b5 11. Bg5 b4 12.
Ne2 Qe8 13. Ne5 Rd8 14. Nf4 $10) 11. Ba3 Rad8 12. Qe1 Qb6 ({9:-0.81} 12... Qb6
13. a5 Qa7 14. Na4 Bc8 15. Qe3 Nd7 16. c4 16... Bf6 $16) ({9:+0.14} 12... b5
13. e5 Nd5 14. Ne4 b4 15. Bb2 Bc8 16. Nfg5 16... Qd7 $10) 13. Qe3 Qa5 ({9:-0.52
} 13... Qa5 14. Ne2 Bc8 15. Ne5 Qb6 16. Nf4 Rd4 17. Bb2 17... Rdd8 $14) ({
9:-0.34} 13... Bc8 14. Ne2 Nd7 15. Qf4 Rfe8 16. Ng5 Bf6 17. Rae1 17... Ne5 $14)
14. Qe1 Kh8 ({11:-0.44} 14... Kh8 15. e5 Nd5 16. Ne4 Nb4 17. Neg5 h6 18. Ne4
Qc7 19. Bxb4 cxb4 20. Qe3 $14) ({11:+0.00} 14... Qb6 $10) 15. Ne5 Qc7 16. Nf3
e5 ({8:-0.46} 16... e5 17. Qe3 Qd6 18. Ne2 Nh5 19. Bb2 Bf6 20. c4 $14) ({
8:+0.08} 16... b5 17. Ne2 Bc8 18. Rd1 b4 19. Bb2 Qd6 20. Be5 $10) 17. Qe3 Qd6
18. Nd2 Qd4 19. Bb2 Qxe3 20. fxe3 Be6 21. a5 Bd6 ({9:-0.12} 21... Bd6 22. Nf3
h6 23. Na4 Nd7 24. Nb6 f6 25. Nxd7 Rxd7 26. c4 $10) ({9:-0.01} 21... Nd7 22.
Nf3 Bf6 23. Na4 Rfe8 24. Nb6 Nxb6 25. axb6 Bc8 26. g4 $10) 22. Rf2 Rde8 ({
9:-0.11} 22... Rde8 23. Ne2 Nd7 24. Nf3 f6 25. c4 Kg8 26. Raf1 26... Rd8 $10) (
{9:+0.00} 22... Kg8 23. Na4 Nd7 24. Nc4 Bc7 25. Ncb6 Bd6 26. Nc4 $10) 23. Na4
Nd7 24. Ba3 Rd8 ({9:-0.43} 24... Rd8 25. Nc4 Be7 26. Ncb6 Bh4 27. Rf3 Kg8 28.
Nxc5 Nxc5 29. Bxc5 $14) ({9:-0.12} 24... Be7 25. Nb6 Nxb6 26. axb6 f6 27. Nf3
Kg8 28. c4 Rd8 29. Rd1 $10) 25. Nc4 Bxc4 26. bxc4 Rc8 ({9:-0.58} 26... Rc8 27.
Rb1 Rb8 28. g3 Kg8 29. Rf5 g6 30. Rg5 30... Rfd8 $14) ({9:-0.47} 26... Rb8 27.
Rb1 f6 28. Rf5 g6 29. Rf3 f5 30. exf5 gxf5 31. Nb6 $14) 27. Rb1 Rc7 28. Rb3 Kg8
29. Rf1 Kh8 30. Rfb1 Rb8 31. Kf2 Be7 32. Ke2 Kg8 33. Rf1 Ra8 34. Rfb1 Rb8 35.
Nb6 Bd6 36. Nxd7 Rxd7 37. Rb6 h5 38. Kf3 Kh7 39. g4 hxg4+ 40. hxg4 Kg6 41. R6b3
Re7 42. d4 exd4 43. exd4 f6 44. Bxc5 Bxc5 45. dxc5 Kh6 46. Rb6 Re5 47. Rxc6
bxc6 48. Rxb8 Rxc5 49. Rb6 Rxc4 50. Rxa6 Rc3+ 51. Kf4 Rxc2 52. Rb6 Rc1 53. a6
Rf1+ 54. Ke3 c5 55. e5 Kg5 56. e6 Ra1 57. Kf3 Ra3+ 58. Ke4 Ra2 59. Kd5 Rd2+ 60.
Kc6 Rd8 61. e7 Ra8 62. Kxc5 Re8 63. Kd6 Ra8 64. a7 Kxg4 65. Rb8 Rxa7 66. e8=Q
Ra6+ 67. Kc5 Ra5+ 68. Kb4 Rg5 69. Qe2+ Kh4 70. Rh8+ Kg3 71. Rh2 Rd5 72. Qg2+
Kf4 73. Qxd5 g5 74. Rf2+ Ke3 75. Qf3+ Kd4 76. Qc6 Ke5 77. Qc5+ Ke6 78. Re2+ Kf7
79. Qf5 Kg7 80. Re7+ Kf8 81. Qxf6+ Kg8 82. Qg7# 1-0

[Event "ICS rated blitz match"]
[Site "207.99.83.227"]
[Date "1999.04.10"]
[Round "?"]
[White "Hossa"]
[Black "iva"]
[Result "1-0"]
[WhiteElo "2423"]
[BlackElo "2200"]
[PlyCount "49"]

1. e4 e6 2. Nf3 d5 3. exd5 exd5 4. d4 Bd6 5. Bb5+ c6 6. Bd3 Bg4 7. O-O Nd7 8.
Be3 Ne7 9. Nbd2 Qc7 10. Qb1 h6 11. c3 O-O-O 12. Re1 Rde8 13. c4 dxc4 14. Bxc4
Nd5 15. Bxd5 cxd5 16. Rc1 Nc5 17. dxc5 Bf4 18. c6 b6 19. Bxf4 Qxf4 20. Qd3 Kc7
21. Qxd5 Rd8 22. Qb3 Rhe8 23. Rc4 Re4 24. Rxe4 Qxe4 25. Nxe4 {iva resigns} 1-0

[Event "ICS rated blitz match"]
[Site "207.99.83.227"]
[Date "1999.04.10"]
[Round "?"]
[White "Hossa"]
[Black "xroniko"]
[Result "1-0"]
[WhiteElo "2423"]
[BlackElo "2113"]
[PlyCount "51"]

1. e4 c5 2. Bc4 d6 3. Nf3 Nf6 4. e5 dxe5 5. Nxe5 e6 6. O-O Be7 7. d3 O-O 8. Nc3
a6 9. Bg5 b5 10. Bb3 Bb7 11. Bxf6 Bxf6 12. Qh5 Nd7 13. Nxd7 Qxd7 14. Qxc5 Rac8
15. Qh5 Bxc3 16. bxc3 Rxc3 17. Rae1 a5 18. Qe5 Rfc8 19. Kh1 a4 20. Bc4 Qc6 21.
f3 Rxc4 22. dxc4 Qxc4 23. Ra1 Qxc2 24. Qxb5 Bd5 25. Qd7 Rb8 26. Rfc1 {
xroniko resigns} 1-0

[Event "ICS rated blitz match"]
[Site "207.99.83.227"]
[Date "1999.04.10"]
[Round "?"]
[White "mkarp"]
[Black "Hossa"]
[Result "0-1"]
[WhiteElo "2192"]
[BlackElo "2428"]
[PlyCount "110"]

1. d4 Nf6 2. Nf3 e6 3. g3 Be7 4. Bg2 O-O 5. O-O d5 6. c4 dxc4 7. Qc2 b5 8. a4
Bd7 9. Ne5 Nd5 10. axb5 Bxb5 11. Nc3 Nb4 12. Qd1 Bc6 13. Nxc6 N4xc6 14. Qa4 Qd7
15. Rd1 Bd6 16. Be3 Qe8 17. Rac1 a5 18. d5 exd5 19. Bxd5 Bb4 20. Na2 Bd6 21.
Rxc4 Ra6 22. Rcc1 Nb4 23. Qxe8 Rxe8 24. Bb7 Nxa2 25. Bxa6 Nxa6 26. Rc4 N2b4 27.
Kf1 Nb8 28. Bc5 Bxc5 29. Rxc5 N4c6 30. Rdc1 Re6 31. Rb5 g6 32. Rb7 Na6 33. e3
Kg7 34. Rb3 Nab4 35. Rbc3 h5 36. Rc4 f5 37. h4 Kh6 38. Ra1 Nd3 39. Ra2 Kg7 40.
Ke2 Ndb4 41. Ra1 Rd6 42. Rac1 Kh7 43. Rc5 Kh6 44. R5c4 Kg7 45. Rc5 Kh7 46. R5c4
Kh8 47. Rc5 Kg8 48. R5c4 Kf8 49. Rc5 Ke8 50. R5c4 Kd7 51. Kf1 Rd2 52. Kg2 Rxb2
53. Rd1+ Kc8 54. e4 Ne5 55. Rc5 55... Ng4 {mkarp resigns} 0-1

[Event "ICS Rated blitz match"]
[Site "207.99.83.227"]
[Date "1999.04.10"]
[Round "?"]
[White "Hossa"]
[Black "matar"]
[Result "1-0"]
[WhiteElo "2447"]
[BlackElo "2435"]
[Annotator "Fritz 5.32 (15s)"]
[PlyCount "119"]

1. e4 c5 2. Bc4 e6 3. Nc3 Nc6 4. Nf3 Nf6 (4... a6 5. a4 d6 6. O-O Nf6 7. d3 h6
8. Bf4 Bd7 9. Qd2 Nd4 10. Nxd4 cxd4 11. Ne2 e5 12. Bg3 Be7 13. f4 Nh5 14. fxe5
O-O 15. exd6 Bg5 16. Qe1 Nxg3 17. Qxg3 Be3+ 18. Kh1 Rc8 19. Nf4 Rc5 20. Nd5 Bg5
21. Qe5 Kh8 22. Qxd4 Rc8 23. Nf4 b5 24. axb5 axb5 25. Bb3 Qe8 26. Rae1 Ra8 27.
c4 Bxf4 28. Rxf4 Be6 29. Qc3 Qb8 30. c5 b4 31. Qc2 Bxb3 32. Qxb3 Qb7 33. h3
Rae8 34. e5 Qb5 35. Rxf7 Qxc5 36. Rxf8+ Rxf8 37. d7 Qf2 38. Rd1 Qe2 39. d4 {
Jouault,L-Mikurenda,A/open, St Heliers JER 1997/1-0 (50)}) 5. O-O 5... d5 $146
(5... a6 6. a4 d5 7. exd5 exd5 8. Be2 Bd6 9. d4 c4 10. Bg5 Be6 11. Bxc4 dxc4
12. d5 Bxd5 13. Nxd5 Bxh2+ 14. Kxh2 Qxd5 15. Re1+ Kf8 16. Bxf6 Qxd1 17. Bxg7+
Kxg7 18. Raxd1 Rad8 19. Rd2 b5 20. Rde2 Rd5 21. axb5 axb5 22. b3 cxb3 23. cxb3
Rhd8 24. Rc1 Nb4 25. Rc7 R8d7 26. Rxd7 Rxd7 27. Re8 Rd3 28. Re5 Nd5 29. b4 f6
30. Rf5 Kg6 31. g4 Nxb4 32. Nh4+ Kf7 33. Rxb5 Nd5 34. Rb7+ Kg8 35. Nf5 Rd1 36.
Rd7 Nc3 37. Rg7+ Kh8 38. Rc7 h5 39. Rxc3 hxg4 40. Rc6) (5... Be7 6. d4 cxd4 7.
Nxd4 Qc7 8. Ncb5 Qb6 9. Re1 a6 10. Nxc6 Qxc6 11. Nc3 Qxc4 12. Qf3 12... Qc6 {
0-1 Faye,Y-Potter,S/Dubai 1986 (12)} (12... Qc6 13. a3 b5 14. b4 a5 15. Rb1 Bb7
16. e5 Qxf3 17. gxf3 Nh5 18. Nxb5 O-O 19. Rb3 Rfc8 20. bxa5 Bd5 21. Rc3 Rxc3
22. Nxc3 Rxa5 23. Kg2 g6 24. Re2 Bc6 25. Nb1 g5 26. h3 Ng7 27. c3 h5 28. Re3 g4
29. hxg4 hxg4 30. c4 Bg5 31. Rc3 Rxe5 32. Bxg5 Rxg5 33. Kf1 Bxf3 34. Nd2 Bc6
35. Ke2 f5 36. Nf1 Rh5 37. Kd2 f4 38. Ke2 Bg2 39. Nd2 Rh3 40. Rxh3 gxh3 41. Nf3
Nf5 42. Nh2 Nd4+ 43. Ke1 Nf3+ 44. Nxf3 Bxf3 45. Kf1 45... h2 {
0-1 Faye,Y-Potter,S/Dubai olm 1986 (45)})) 6. exd5 exd5 7. Bb5 Bd6 8. Re1+ Be6
9. Ng5 O-O 10. Bxc6 10... bxc6 {Sichert b5} 11. Nxe6 fxe6 12. Rxe6 Qd7 13. Qe2
(13. Re2 Qf5 14. h3 14... Qf4 $11) 13... Rae8 14. Rxe8 Rxe8 15. Qf1 Ng4 16. h3
$4 $19 {vergibt den Vorteil} (16. g3 $11 $142 {war noch moeglich}) 16... Nh2
17. Qd1 Nf3+ 18. Kf1 (18. gxf3 $4 {Weiss kann den Springer nicht schlagen}
18... Qxh3 19. Ne4 Bh2+ 20. Kh1 Rxe4 21. Qf1 Qxf1+ 22. Kxh2 Qxf2+ 23. Kh3 Rh4#)
18... Re1+ $15 (18... Qe6 $142 {und Schwarz gewinnt} 19. Ne2 Nh2+ 20. Kg1 Qxe2
21. Qxe2 21... Rxe2 $19) 19. Qxe1 Nxe1 20. Kxe1 20... d4 $15 (20... Qe6+ $5
$142 21. Kf1 21... Qg6 $19) 21. Ne4 Qe6 22. d3 c4 23. Kf1 cxd3 24. cxd3 Be7 (
24... Bb4 25. b3 $15) 25. b3 Qe5 26. Bb2 Bd6 (26... Qa5 27. Ke2 (27. Bxd4 $2 {
ist nicht spielbar} 27... Qd5 $19) 27... c5 28. f4 $15) 27. Rc1 27... Qh2 $2
$16 (27... Qd5 $5 $11 $142 {und Schwarz spielt mit}) 28. Rxc6 28... Be7 $18 (
28... Be5 29. Ng5 g6 30. a4 $18) 29. Rc8+ $16 (29. Bxd4 $5 29... Qh1+ 30. Ke2
30... Kf7 $18) 29... Kf7 30. Ng3 (30. Bxd4 Qh1+ 31. Ke2 31... Qxg2 $16) 30...
h5 $18 (30... Bd6 $5 31. Nf5 Be5 32. Bxd4 Qf4 33. Bxe5 Qxf5 34. Rc7+ 34... Ke6
$16) 31. Bxd4 h4 32. Ne2 Qd6 33. Ra8 (33. Bxa7 Qd7 34. Rc4 34... Qxa7 $15)
33... Qa6 34. Rxa7 (34. Bxa7 Qxa2 35. f3 35... Qa6 $19) 34... Qxd3 {
Es droht Matt} 35. f3 Ke8 36. Kf2 $16 (36. Ra4 $5 $18 $142) 36... Bf6 $2 $18 (
36... Bd6 $142 37. Ra4 37... Qd2 $14) 37. Bxf6 gxf6 38. Ra4 Qc2 39. Rxh4 Qxa2
40. b4 Kf7 41. Rd4 Qa7 42. h4 Kg6 (42... f5 43. g4 $18) 43. g3 Qa1 44. Nf4+ (
44. g4 {ist genauer} 44... Kf7 $18) 44... Kh6 45. Rd6 Qb2+ 46. Kg1 Qxb4 47.
Rxf6+ Kh7 48. Re6 Qc3 49. Kg2 Qc2+ 50. Re2 Qc1 51. Nd5 Qd1 52. Re7+ Kg8 53. Re5
Qd2+ 54. Kh3 Qf2 55. Kg4 Qd4+ (55... Kg7 56. h5 $18) 56. f4 Qd1+ (56... Kg7 57.
h5 $18) 57. Kg5 Qb3 58. g4 Qb8 (58... Qd3 $18 {
sonst gehen die Lichter sofort aus}) 59. Re8+ Qxe8 60. Nf6+ (60. Nf6+ Kf7 61.
Nxe8 Kxe8 62. Kf6 $18) 1-0

[Event "ICS rated blitz match"]
[Site "207.99.83.227"]
[Date "1999.04.10"]
[Round "?"]
[White "matar"]
[Black "Hossa"]
[Result "0-1"]
[WhiteElo "2420"]
[BlackElo "2465"]
[PlyCount "106"]

1. e4 c5 2. Nf3 Nc6 3. Bb5 a6 4. Bxc6 dxc6 5. h3 Nf6 6. d3 e6 7. a4 Be7 8. Nc3
O-O 9. O-O Bd7 10. Qe2 Qb6 11. a5 Qc7 12. b3 Rad8 13. Qe3 e5 14. Ba3 Qxa5 15.
Bb2 Qc7 16. Na4 Bd6 17. Nxc5 Bc8 18. Na4 Be6 19. Nb6 c5 20. Nc4 Bxc4 21. bxc4
Qe7 22. Bc3 Rd7 23. Rfb1 Nh5 24. Rb3 Nf4 25. Rab1 Rfd8 26. Kf1 Kh8 27. Ba5 Bc7
28. Bd2 b6 29. Qe1 Qf6 30. Ra1 Ra8 31. Rba3 a5 32. Bxf4 Qxf4 33. Qd2 Qxd2 34.
Nxd2 Rad8 35. Nb1 g5 36. Nc3 Re8 37. Nd5 Bd8 38. Ke2 Re6 39. Rb3 h5 40. g4 hxg4
41. hxg4 Rh6 42. Kf3 Rdd6 43. Kg2 Rh4 44. Rh1 Rdh6 45. Rxh4 Rxh4 46. Nxb6 Rxg4+
47. Kf3 Rf4+ 48. Ke3 g4 49. Nd5 Rf3+ 50. Ke2 Bh4 51. Rb1 Rxf2+ 52. Ke3 Rh2 53.
Rg1 53... Bg5+ {matar resigns} 0-1

[Event "ICS rated blitz match"]
[Site "207.99.83.227"]
[Date "1999.04.10"]
[Round "?"]
[White "Hossa"]
[Black "mkarp"]
[Result "1-0"]
[WhiteElo "2479"]
[BlackElo "2164"]
[PlyCount "57"]

1. e4 d6 2. d4 g6 3. Nf3 Bg7 4. Bc4 c6 5. O-O Nf6 6. e5 dxe5 7. dxe5 Nd5 8.
Bxd5 cxd5 9. Nc3 e6 10. Bg5 Qb6 11. Rb1 O-O 12. Be7 Re8 13. Bf6 Nc6 14. Bxg7
Kxg7 15. Qd2 Bd7 16. Qf4 Qd8 17. Nb5 Rf8 18. Nd6 Rb8 19. Ng5 Qe7 20. Qf6+ Qxf6
21. exf6+ Kg8 22. Nf3 a6 23. Rbd1 Rfd8 24. c4 Nb4 25. Ng5 Ba4 26. Ndxf7 Bxd1
27. Nxd8 Rxd8 28. f7+ Kh8 29. Nxe6 {mkarp resigns} 1-0